Most Popular People according to Google Quiz Stats

 Plays Quiz not verified by Sporcle

Support Sporcle.
Go Orange.
Score 0/30 Timer 10:00
0 Plays Today
First Name Last Name % Correct
LeonardoDiCaprio
79%
JuliaRoberts
74.3%
SandraBullock
64.7%
NataliePortman
57.4%
ChristinaAguilera
49.3%
TinaFey
45.2%
JessicaSimpson
40.1%
BillGates
33.8%
MattDamon
32.7%
GeorgeWashington
28.7%
KateMiddleton
27.2%
JoeJonas
22.1%
ThomasJefferson
21%
BernieMadoff
21%
BobMarley
17.6%
First Name Last Name % Correct
SarahPalin
16.9%
EmilyDickinson
11.4%
AlexJones
9.6%
AshleyGreene
7.4%
NickCannon
5.9%
RachelZoe
5.5%
LukeBryan
4.8%
BenFolds
3.7%
MaryPoppins
3.7%
ElizabethEdwards
3.3%
SteveMadden
2.9%
AmyChua
2.2%
RobertLouis Stevenson
2.2%
KellyPreston
2.2%
MichaelKors
1.5%

You're not logged in!

Compare scores with friends on all Sporcle quizzes.
OR
Log In

From the Vault

Tough Choices: Geography Edition

by Purple_Parrot

Geography can lead to to some tough decisions. Ask Rand McNally!
Remove Ads.
Support Sporcle.
Get the best of Sporcle when you Go Orange. This ad-free experience offers more features, more stats, and more fun while also helping to support Sporcle. Thank you for becoming a member.

Show Comments

Extras

Created Feb 12, 2011SourceReportNominate
Tags:Celebrity Quiz, google

Top Quizzes Today


Score Distribution

Your Account Isn't Verified!

In order to create a playlist on Sporcle, you need to verify the email address you used during registration. Go to your Sporcle Settings to finish the process.

Report this User

Report this user for behavior that violates our Community Guidelines.

Details: